| 000 | 00988cab a2200301 4500 | ||
|---|---|---|---|
| 001 | ABS49811 | ||
| 008 | 090401t1993 xxu||||| |||| 00| 0 eng d | ||
| 035 | _a(Sirsi) u72827 | ||
| 041 | _aeng | ||
| 100 | _aLievesley, D. | ||
| 245 | 3 | _aAn overview of geographic information in Europe: part 1 | |
| 260 | _c1993 | ||
| 350 | _a0 | ||
| 490 |
_aMapping Awareness _v7(10) December 1993, 9-12(4) |
||
| 520 | _aExplores the relationship between the technological development of GIS and the provision of geographical data by local authorities throughout Europe. Pan-European schemes to co-ordinate the activites of mapping agencies are touched on. | ||
| 650 | _aCERCO | ||
| 650 | _aCORINE | ||
| 650 | _aDIGITAL MAPPING | ||
| 650 | _aEUROPE | ||
| 650 | _aGIS | ||
| 650 | _aGISDATA PROGRAMME | ||
| 650 | _aMEGRIN | ||
| 690 | _aMANAGEMENT-BUSINESS MANAGEMENT-INFORMATION MANAGEMENT | ||
| 690 | _aOVERSEAS-EUROPE | ||
| 700 | _aMasser, I. | ||
| 942 | _n0 | ||
| 948 | _c04/03/1997 | ||
| 999 |
_c46027 _d46027 |
||